000 00341nam a22001337a 4500
020 _a978-81-8266-813-3
082 _a894.812.1
_bAPP/T
100 _aAPPUNNI,MALAYATH
245 _aTHENOORUM NADAN PATTUKAL
260 _aKERALA
_bMATHRUBHUMI PRINTING& PUBLISHING CO.LTD
_c2016
300 _a56
650 _aNADANPATTUKAL
_zKERALA
942 _cBK
999 _c6864
_d6864